Normal view
MARC view
- Prof. Dr. Muhammad Shahdi.
Entry Personal Name
001 - CONTROL NUMBER
- control field: 28734
003 - CONTROL NUMBER IDENTIFIER
- control field: NUST
005 - DATE AND TIME OF LATEST TRANSACTION
- control field: 20200302115217.0
008 - FIXED-LENGTH DATA ELEMENTS
- fixed length control field: 200302|| aca||aabn | a|a d
040 ## - CATALOGING SOURCE
- Original cataloging agency: NUST
- Transcribing agency: NUST
100 ## - HEADING--PERSONAL NAME
- Personal name: Prof. Dr. Muhammad Shahdi.
670 ## - SOURCE DATA FOUND
- Source citation: Work cat.: (NUST): Nauman Ehsan Hashmi. 28732, Multi-Disciplinary Design and Analysis of Blended Wing Body Aircraft /, 2014.
